• 首页
  • 本馆介绍
  • 公告通知
  • 最新文献
  • 馆藏检索
  • 电子资源
  • 读者导购
  • 参考咨询
  • 我的图书馆
  • 登录
  • 详细信息显示
  • 放入我的书架
  • 预约/预借图书
  • 作者相关作品
  • 分类相关作品
  • 丛书相关作品
  • 出版社相关作品

书目信息

  • 表格格式
  • 工作单格式
  • 卡片格式
题名:
学前教育管理体制改革的方向与制度设计
    
 
作者: 范明丽 著
分册:  
出版信息: 北京   科学出版社  2021.6
页数: 177页
开本: 24cm
丛书名:
单 册:
中图分类: G619.21
科图分类:
主题词: 学前教育--管理体制--教育改革--研究--中国
电子资源:
ISBN: 978-7-03-062381-2
000 01200nam0 2200229 45
001 012001002994
005 20140824093441.0
010    @a978-7-03-062381-2@dCNY88.00
100    @a20190924d2019 em y0chiy0110 ea
101 0  @achi
102    @aCN@b110000
105    @ay z 000yy
106    @ar
200 1  @a学前教育管理体制改革的方向与制度设计@Axue qian jiao yu guan li ti zhi gai ge de fang xiang yu zhi du she ji@f范明丽著
210    @a北京@c科学出版社@d2021.6
215    @a177页@d24cm
330    @a本书以“政府主导”发展学前教育为切入点,以公共服务型政府理论为基本视角,在政府治理模式转型的大背景下建构理论分析框架,坚持理论探讨与实证分析相结合、个案剖析与规律探讨相结合的研究思路,综合运用文献法、访谈法、个案法等研究方法,较为系统地梳理了我国学前教育管理体制改革的历程,深入分析了学前教育管理体制改革的现状、问题,并对其主要影响和制约因素进行了剖析。在此基础上,借鉴国际经验和我国地方改革探索,力图科学把握我国学前教育管理体制改革的基本方向,并进行宏观、顶层制度设计,有效推进我国学前教育管理体制改革。
606 0  @a学前教育@x管理体制@x教育改革@x研究@y中国
690    @aG619.21@v5
701  0 @a范明丽@Afan ming li@4著
801    @aCN@bAHXH@c20210922
905    @b1283061-5@dG619.21@e2195@f5
    
    学前教育管理体制改革的方向与制度设计/范明丽著.-北京:科学出版社,2021.6
    177页;24cm
    
    
    ISBN 978-7-03-062381-2:CNY88.00
    本书以“政府主导”发展学前教育为切入点,以公共服务型政府理论为基本视角,在政府治理模式转型的大背景下建构理论分析框架,坚持理论探讨与实证分析相结合、个案剖析与规律探讨相结合的研究思路,综合运用文献法、访谈法、个案法等研究方法,较为系统地梳理了我国学前教育管理体制改革的历程,深入分析了学前教育管理体制改革的现状、问题,并对其主要影响和制约因素进行了剖析。在此基础上,借鉴国际经验和我国地方改革探索,力图科学把握我国学前教育管理体制改革的基本方向,并进行宏观、顶层制度设计,有效推进我国学前教育管理体制改革。
●
相关链接 在E读中查询图书 在五车中查询图书 在当当中查询图书 在豆瓣中查询图书


正题名:学前教育管理体制改革的方向与制度设计     索取号:G619.21/2195         预约/预借

序号 登录号 条形码 馆藏地/架位号 状态 备注
1 1283061   212830613   第一样本阅览室/ [索取号:G619.21/2195] 在馆    
2 1283062   212830622   教育系资料室/ [索取号:G619.21/2195] 在馆    
3 1283063   212830631   教育系资料室/ [索取号:G619.21/2195] 在馆    
4 1283064   212830640   第四借阅区/ [索取号:G619.21/2195] 在馆    
5 1283065   212830659   第四借阅区/ [索取号:G619.21/2195] 在馆    
唐山师范学院图书馆 欢迎您!
大连网信软件有限公司© 版权所有